000
00235nam a2200097Ia 4500
008
120527s9999 xx 000 0 und d
100
_a
DATAPHAM,Comm.
245
_a
Medicines Compendium.
260
_b
Datapham communication
942
_c
BK
999
_c
23738
_d
23738